| 000 | 00368nam a22001337a 4500 | ||
|---|---|---|---|
| 005 | 20200710125421.0 | ||
| 008 | 200710b xxu||||| |||| 00| 0 eng d | ||
| 082 | _a345.4005 BHA-I | ||
| 100 |
_aBHATT VIJAY _96284 |
||
| 245 | _aINDIAN BAR REVIEW Vol. XLII(1) 2015 (JAN TO MAR) | ||
| 260 |
_aNEW DELHI _bBAR COUNCIAL OF INDIA TRUST _c2015 |
||
| 300 | _a292p. | ||
| 942 | _cJRL | ||
| 999 |
_c7412 _d7410 |
||